000 00378nam a2200133Ia 4500
005 20260328101520.0
008 260328s9999||||xx |||||||||||||| ||und||
100 _aMoré, Gustavo Luis
245 0 _aArquitectura Contemporánea Argentina /
_cGustavo Luis Moré
260 _bArchivos de Arquitectura Antillana
300 _a230 p.
650 _aARQUITECTURA REGIONAL
942 _cBK
999 _c9552
_d9552